LEADER 00882nam a2200229 i 4500 001 000000239450 003 CaOOAMICUS 005 20150305000000.0 008 150305s1966 it u000 u mul u 013 $a218355 040 $aSeMil$bita 245 12$aL'istituto per anziani sani. 260 $aRoma :$bA.A.I.,$cstampa 1966 (copyr. 1965) 300 $a79,X p. ;$c21 cm. 490 0 $aSussidi tecnici per i servizi sociali ;$v1 500 $aContiene : Bibliografia. 650 4$aAnziani - Assistenza.$0(OLS)http://semarc/subject/24889 830 0$aSussidi tecnici per i servizi sociali ;$v1.$0(OLS)http://semarc/title/42826 850 $aSeMil 852 $aSeMil$W1$xVenegono$y1$m3N II 323$j189796$B189796$CSeMilBibl$Z2$F200622 $81 996 $6245$aL'istituto per anziani sani$9(OLS)http://semarc/title/340956 996 $6260$aRoma :$bA.A.I.$9(OLS)http://semarc/publisher/54423 LEADER 00807nam a2200217 i 4500 001 000000086188 003 CaOOAMICUS 005 20221215155041.0 008 130826s1970 it u000 u ita u 013 $a58428 040 $aSeMil$bita 245 00$a1 /$cG. W. F. Hegel. 250 $a3. rist 264 1$aFirenze :$bLa Nuova Italia,$c1970. 300 $a364 p., [1] c. di tav. ;$c21 cm 773 0 $aHegel, Georg Wilhelm Friederich <1770-1831>$tFenomenologia dello spirito.$dFirenze : La Nuova Italia$kClassici della filosofia$g1$w()14361 850 $aSeMil 852 $aSeMil$W1$xVenegono$y1$m64 1 1.1 *$j49945$B49945$CSeMilBibl$Z2$F53787 $81 996 $6245$a1$9(OLS)http://semarc/title/46247 996 $6264$aFirenze :$bLa Nuova Italia$9(OLS)http://semarc/publisher/30055